LEADER 01128nam a2200325 i 4500 001 991001981229707536 005 20020508184509.0 008 000405s|||| it ||| | grc 020 $a8817118753 035 $ab10941666-39ule_inst 035 $aPARLA152352$9ExL 040 $aDip.to Scienze dell'Antichità$bita 041 0 $agrcita 082 0 $a882 100 1 $aSophocles$0439098 245 10$aAntigone; Edipo re ; Edipo a Colono /$cSofocle ; introduzione, traduzione, premessa al testo e note di Franco Ferrari 260 $aMilano :$bBiblioteca universale Rizzoli,$c2000 300 $a403 p. ;$c19 cm. 490 0 $aBUR Pantheon 500 $aTesto greco a fronte. 650 4$aSofocle - Tragedie$xTraduzioni 700 1 $aFerrari, Franco 740 0 $aEdipo a Colono 740 0 $aEdipo Re 907 $a.b10941666$b23-02-17$c28-06-02 912 $a991001981229707536 945 $aLE007 880.1 Sophocles 2000-01$g1$i2015000044938$lle007$o-$pE0.00$q-$rl$s- $t0$u16$v0$w16$x0$y.i11048475$z28-06-02 996 $aEdipo re$947947 997 $aUNISALENTO 998 $ale007$b01-01-00$cm$da $e-$fgrc$git $h0$i1 LEADER 01973oam 2200505M 450 001 9910715546303321 005 20191121064214.9 035 $a(CKB)5470000002512592 035 $a(OCoLC)1065552872 035 $a(OCoLC)995470000002512592 035 $a(EXLCZ)995470000002512592 100 $a20070221d1834 ua 0 101 0 $aeng 135 $aurcn||||||||| 181 $ctxt$2rdacontent 182 $cc$2rdamedia 183 $acr$2rdacarrier 200 10$aGeorgia. Memorial of citizens of Savannah, Georgia, on the currency, and in favor of a restoration of the public deposites to the Bank of the United States. April 28, 1834. Read, and referred to the Committee of Ways and Means 210 1$a[Washington, D.C.] :$c[publisher not identified],$d1834. 215 $a1 online resource (4 pages) 225 1 $aHouse document / 23rd Congress, 1st session. House ;$vno. 359 225 1 $a[United States congressional serial set] ;$v[serial no. 258] 300 $aBatch processed record: Metadata reviewed, not verified. Some fields updated by batch processes. 300 $aFDLP item number not assigned. 606 $aCharters 606 $aBanks and banking 606 $aBank deposits 606 $aEconomic history 606 $aNational banks (United States) 606 $aFinance, Public 608 $aLegislative materials.$2lcgft 615 0$aCharters. 615 0$aBanks and banking. 615 0$aBank deposits. 615 0$aEconomic history. 615 0$aNational banks (United States) 615 0$aFinance, Public. 801 0$bWYU 801 1$bWYU 801 2$bOCLCQ 801 2$bOCLCO 906 $aBOOK 912 $a9910715546303321 996 $aGeorgia. Memorial of citizens of Savannah, Georgia, on the currency, and in favor of a restoration of the public deposites to the Bank of the United States. April 28, 1834. Read, and referred to the Committee of Ways and Means$93354520 997 $aUNINA